书目信息 |
| 书名: | Just Three Ingredients | |
| 作者: | Jenny White | |
| 分册号: | ||
| 分册名: | 200 Fabulous Fuss-Free Recipes Using Just 1, 2 Or 3 Ingredients | 出版地: | UK |
|
| 出版社: | National Book Network | |
| 出版时间: | 2009 | |
| 页数: | 256p | |
| 开本: | 22cm | |
| 丛书名: | ||
| 中图分类号: | ||
| 科图分类号: | ||
| 其他分类号: | TS972.1 | |
| 主题词: | ||
| 电子资源: | ||
| 000 | 00455nam0 2200145 450 | |
| 001 | 202012003342 | |
| 005 | 20121204145655.0 | |
| 008 | 12120401s | |
| 020 | @a9781844766970@c$20.99 | |
| 099 | @dTS972.1@eJ545 | |
| 245 | 10 | @aJust Three Ingredients@cJenny White@p200 Fabulous Fuss-Free Recipes Using Just 1, 2 Or 3 Ingredients |
| 260 | 0 | @aUK@bNational Book Network,@c2009 |
| 300 | @a256p@c22cm | |
| 905 | @b14722-3 | |
| 905 | @aTSG@dTS972.1@eJ545 | |
| Just Three Ingredients / Jenny White. 200 Fabulous Fuss-Free Recipes Using Just 1, 2 Or 3 Ingredients.-UK : National Book Network, , 2009 |
| 256p ; 22cm |
| ISBN 9781844766970$20.99 |
| ● |
| 相关链接 |
|
|
|
正题名:Just Three Ingredients
索取号:TS972.1/J545
 
预约/预借
| 序号 | 登录号 | 条形码 | 馆藏地/架位号 | 状态 | 备注 |
| 1 | 14722 | 300147222 | 自科库501/ [索取号:TS972.1/J545] | 在馆 | |
| 2 | 14723 | 300147231 | 自科库501/400A自科库 33排1列3层/ [索取号:TS972.1/J545] | 在馆 |